000 00463nam a2200181Ia 4500
008 230711s9999||||xx |||||||||||||| ||und||
020 _a978-81-272-6013-2
041 _aENG
082 _a658
_bJO-P
100 _aJoshi,Rosy
245 0 _aProject management and entrepreneurship
250 _a1st . Ed.
260 _c2013
_aNew Delhi
_bKalyani Publishers House
300 _a657
650 _aUNIVESITY BUSNIESS SCHOOL
700 _aMunish,Kapil
942 _cBK
999 _c5561
_d5561